<?xml version="1.0" encoding="UTF-8"?>
<record
    xmlns:xsi="http://www.w3.org/2001/XMLSchema-instance"
    xsi:schemaLocation="http://www.loc.gov/MARC21/slim http://www.loc.gov/standards/marcxml/schema/MARC21slim.xsd"
    xmlns="http://www.loc.gov/MARC21/slim">

  <leader>00694nam a22002655a 4500</leader>
  <controlfield tag="001">17104825</controlfield>
  <controlfield tag="003">OSt</controlfield>
  <controlfield tag="005">20150408114133.0</controlfield>
  <controlfield tag="008">120104s2012    ohu           000 0 eng  </controlfield>
  <datafield tag="010" ind1=" " ind2=" ">
    <subfield code="a">  2012930214</subfield>
  </datafield>
  <datafield tag="020" ind1=" " ind2=" ">
    <subfield code="a">9781111577742</subfield>
  </datafield>
  <datafield tag="040" ind1=" " ind2=" ">
    <subfield code="a">DLC</subfield>
    <subfield code="c">DLC</subfield>
  </datafield>
  <datafield tag="042" ind1=" " ind2=" ">
    <subfield code="a">pcc</subfield>
  </datafield>
  <datafield tag="082" ind1=" " ind2=" ">
    <subfield code="2">22</subfield>
    <subfield code="a">620.11292</subfield>
    <subfield code="b">GBM</subfield>
  </datafield>
  <datafield tag="100" ind1="1" ind2=" ">
    <subfield code="a">Goodno, Barry J.</subfield>
    <subfield code="9">35664</subfield>
  </datafield>
  <datafield tag="245" ind1="1" ind2="0">
    <subfield code="a">Mechanics of materials /</subfield>
    <subfield code="c">Barry J. Goodno.</subfield>
  </datafield>
  <datafield tag="250" ind1=" " ind2=" ">
    <subfield code="a">8e Ed.</subfield>
  </datafield>
  <datafield tag="260" ind1=" " ind2=" ">
    <subfield code="a">Mason, OH :</subfield>
    <subfield code="b">Cengage Learning,</subfield>
    <subfield code="c">2012.</subfield>
  </datafield>
  <datafield tag="263" ind1=" " ind2=" ">
    <subfield code="a">1203</subfield>
  </datafield>
  <datafield tag="300" ind1=" " ind2=" ">
    <subfield code="a">p. cm.</subfield>
  </datafield>
  <datafield tag="650" ind1=" " ind2=" ">
    <subfield code="a">Strength of materials</subfield>
    <subfield code="9">12054</subfield>
  </datafield>
  <datafield tag="906" ind1=" " ind2=" ">
    <subfield code="a">0</subfield>
    <subfield code="b">ibc</subfield>
    <subfield code="c">orignew</subfield>
    <subfield code="d">2</subfield>
    <subfield code="e">epcn</subfield>
    <subfield code="f">20</subfield>
    <subfield code="g">y-gencatlg</subfield>
  </datafield>
  <datafield tag="942" ind1=" " ind2=" ">
    <subfield code="2">ddc</subfield>
    <subfield code="c">BOOK</subfield>
  </datafield>
  <datafield tag="999" ind1=" " ind2=" ">
    <subfield code="c">29879</subfield>
    <subfield code="d">264379</subfield>
  </datafield>
  <datafield tag="952" ind1=" " ind2=" ">
    <subfield code="1">0</subfield>
    <subfield code="2">2013-04-27</subfield>
    <subfield code="4">0</subfield>
    <subfield code="7">1</subfield>
    <subfield code="a">620.11292 GBM</subfield>
    <subfield code="c">1</subfield>
    <subfield code="d">2013-04-27</subfield>
    <subfield code="h">CL</subfield>
    <subfield code="i">00306717</subfield>
    <subfield code="m">CL</subfield>
    <subfield code="r">2013-04-27 00:00:00</subfield>
    <subfield code="t">BOOK</subfield>
    <subfield code="w">ddc</subfield>
    <subfield code="y">0</subfield>
  </datafield>
  <datafield tag="952" ind1=" " ind2=" ">
    <subfield code="1">0</subfield>
    <subfield code="2">2013-04-27</subfield>
    <subfield code="4">0</subfield>
    <subfield code="7">0</subfield>
    <subfield code="a">620.11292 GBM</subfield>
    <subfield code="c">2</subfield>
    <subfield code="d">2013-04-27</subfield>
    <subfield code="h">CL</subfield>
    <subfield code="i">00306718</subfield>
    <subfield code="m">CL</subfield>
    <subfield code="r">2013-04-27 00:00:00</subfield>
    <subfield code="t">BOOK</subfield>
    <subfield code="w">ddc</subfield>
    <subfield code="y">0</subfield>
  </datafield>
  <datafield tag="952" ind1=" " ind2=" ">
    <subfield code="1">0</subfield>
    <subfield code="2">2013-04-27</subfield>
    <subfield code="4">0</subfield>
    <subfield code="7">0</subfield>
    <subfield code="a">620.11292 GBM</subfield>
    <subfield code="c">3</subfield>
    <subfield code="d">2013-04-27</subfield>
    <subfield code="h">CL</subfield>
    <subfield code="i">00306719</subfield>
    <subfield code="m">CL</subfield>
    <subfield code="r">2013-04-27 00:00:00</subfield>
    <subfield code="t">BOOK</subfield>
    <subfield code="w">ddc</subfield>
    <subfield code="y">0</subfield>
  </datafield>
  <datafield tag="952" ind1=" " ind2=" ">
    <subfield code="1">0</subfield>
    <subfield code="2">2013-04-27</subfield>
    <subfield code="4">0</subfield>
    <subfield code="7">1</subfield>
    <subfield code="a">620.11292 GBM</subfield>
    <subfield code="c">1</subfield>
    <subfield code="d">2013-04-27</subfield>
    <subfield code="h">EMF</subfield>
    <subfield code="i">00306720</subfield>
    <subfield code="m">EMF</subfield>
    <subfield code="r">2013-04-27 00:00:00</subfield>
    <subfield code="t">BOOK</subfield>
    <subfield code="w">ddc</subfield>
    <subfield code="y">0</subfield>
  </datafield>
  <datafield tag="952" ind1=" " ind2=" ">
    <subfield code="1">0</subfield>
    <subfield code="2">2013-04-27</subfield>
    <subfield code="4">0</subfield>
    <subfield code="7">0</subfield>
    <subfield code="a">620.11292 GBM</subfield>
    <subfield code="c">2</subfield>
    <subfield code="d">2013-04-27</subfield>
    <subfield code="h">EMF</subfield>
    <subfield code="i">00306721</subfield>
    <subfield code="m">EMF</subfield>
    <subfield code="r">2013-04-27 00:00:00</subfield>
    <subfield code="t">BOOK</subfield>
    <subfield code="w">ddc</subfield>
    <subfield code="y">0</subfield>
  </datafield>
  <datafield tag="952" ind1=" " ind2=" ">
    <subfield code="1">0</subfield>
    <subfield code="2">2013-04-27</subfield>
    <subfield code="4">0</subfield>
    <subfield code="7">1</subfield>
    <subfield code="a">620.11292 GBM</subfield>
    <subfield code="c">1</subfield>
    <subfield code="d">2013-04-27</subfield>
    <subfield code="h">SRF</subfield>
    <subfield code="i">00306722</subfield>
    <subfield code="m">SRF</subfield>
    <subfield code="r">2013-04-27 00:00:00</subfield>
    <subfield code="t">BOOK</subfield>
    <subfield code="w">ddc</subfield>
    <subfield code="y">0</subfield>
  </datafield>
  <datafield tag="952" ind1=" " ind2=" ">
    <subfield code="1">0</subfield>
    <subfield code="2">2013-04-27</subfield>
    <subfield code="4">0</subfield>
    <subfield code="7">1</subfield>
    <subfield code="a">620.11292 GBM</subfield>
    <subfield code="c">2</subfield>
    <subfield code="d">2013-04-27</subfield>
    <subfield code="h">SRF</subfield>
    <subfield code="i">00306723</subfield>
    <subfield code="m">SRF</subfield>
    <subfield code="r">2013-04-27 00:00:00</subfield>
    <subfield code="t">BOOK</subfield>
    <subfield code="w">ddc</subfield>
    <subfield code="y">0</subfield>
  </datafield>
  <datafield tag="952" ind1=" " ind2=" ">
    <subfield code="1">0</subfield>
    <subfield code="2">2013-04-27</subfield>
    <subfield code="4">0</subfield>
    <subfield code="7">1</subfield>
    <subfield code="a">620.11292 GBM</subfield>
    <subfield code="c">1</subfield>
    <subfield code="d">2013-04-27</subfield>
    <subfield code="h">SRM</subfield>
    <subfield code="i">00306724</subfield>
    <subfield code="m">SRM</subfield>
    <subfield code="r">2013-04-27 00:00:00</subfield>
    <subfield code="t">BOOK</subfield>
    <subfield code="w">ddc</subfield>
    <subfield code="y">0</subfield>
  </datafield>
  <datafield tag="952" ind1=" " ind2=" ">
    <subfield code="1">0</subfield>
    <subfield code="2">2013-04-27</subfield>
    <subfield code="4">0</subfield>
    <subfield code="7">0</subfield>
    <subfield code="a">620.11292 GBM</subfield>
    <subfield code="c">2</subfield>
    <subfield code="d">2013-04-27</subfield>
    <subfield code="h">SRM</subfield>
    <subfield code="i">00306725</subfield>
    <subfield code="m">SRM</subfield>
    <subfield code="r">2013-04-27 00:00:00</subfield>
    <subfield code="t">BOOK</subfield>
    <subfield code="w">ddc</subfield>
    <subfield code="y">0</subfield>
  </datafield>
</record>
